Fama y obras posthumas del fénix de México, dezima musa, poetisa americana, Sor Juana Inés de la Cruz
Salvato in:
| Autore principale: | |
|---|---|
| Natura: | Libro |
| Lingua: | spagnolo |
| Pubblicazione: |
Ciudad de México
Frente de Afirmación Hispanista A. C
1989
|
| Soggetti: | |
| Tags: |
Aggiungi Tag
Nessun Tag, puoi essere il primo ad aggiungerne!!
|
MARC
| LEADER | 00000nam a2200000 a 4500 | ||
|---|---|---|---|
| 001 | UCZ5556 | ||
| 003 | CL-VaPUC | ||
| 008 | 951123e19890000MX |||||||||||||||||spa|d | ||
| 082 | 0 | 4 | |a Me861 |b JUA |2 21 |
| 100 | 0 | |a Juana Inés de la Cruz |e author |9 268430 | |
| 245 | 1 | 0 | |a Fama y obras posthumas del fénix de México, dezima musa, poetisa americana, Sor Juana Inés de la Cruz |
| 300 | |a 318 p | ||
| 942 | |c BK | ||
| 945 | |d 19951123 00:00:00 |a rleighto | ||
| 260 | |a Ciudad de México |b Frente de Afirmación Hispanista A. C |c 1989 | ||
| 650 | 7 | |a POESIAS MEXICANAS |2 CL-VaPUC |9 314784 | |
| 583 | |a last modification |c 19951123 00:00:00 |k Rodrigo Vera | ||
| 999 | |c 241853 |d 241851 | ||
| 952 | |0 0 |1 0 |4 0 |6 ME_861_000000000000000_JUA_1989 |7 0 |8 A |9 254371 |a BIBEDU |b BIBEDU |d 2019-11-19 |i 3155188 |o Me861 JUA 1989 |p 3155188 |r 2019-11-19 |w 2019-11-19 |y BK |k LIT | ||